| 000 | 00457cam a22001337a 4500 | ||
|---|---|---|---|
| 008 | 180718b2009 xxu||||| |||| 00| 0 eng d | ||
| 082 | _aAPPPA 2008-09/VIR | ||
| 100 | _aVirdi, Surinder Pal | ||
| 245 |
_aArbitration law and practice with special reference to northern railway _cby Surinder Pal Virdi |
||
| 260 |
_aNew Delhi _bIndian Institute of Public Administration _c2009 |
||
| 300 | _a94p. | ||
| 650 | _aRailways - Inda, North | ||
| 650 | _aArbitration law | ||
| 999 |
_c495219 _d495219 |
||